00555 a2200169 4500001001000000005001700010008004100027245002900068100002400097700002900121700002200150700002900172700003200201700002700233773010800260999001700368ART_4975120260410161936.0260409a 10aLa coyuntura económica1 aAlemann, Roberto T.1 aAlsogaray, Alvaro Carlos1 aBunge, César A.1 aKrieger Vasena, Adalbert1 aLicciardo, Cayetano Antonio1 aMoyano Llerena, Carlos0 tAnales de la Academia Nacional de Ciencias Económicasg- Vol. XXXI, (1986) (ene./dic. 1986)wREV25596 c29059d29059